000 01026nam a2200181Ia 4500
008 100920s9999 xx 000 0 und d
082 _b76426
_a200 थ 66
100 _aसंग्राहक-गोखले गो. सी.
245 _aश्रीसद्रगुरु ब्रह्मचैतन्य श्रीगोंदवलेकरमहाराज यांचीं प्रवचनें.
260 _bयशवंत प्रकाशन, पुणें.
_c1966
300 _a370
_bसाधी
365 _b10
520 _aधार्मिक.
630 _aश्रीसद्रगुरु ब्रह्मचैतन्य श्रीगोंदवलेकरमहाराज यांचीं प्रवचनें.
650 _aधार्मिक.
730 _aश्रीसद्रगुरु ब्रह्मचैतन्य श्रीगोंदवलेकरमहाराज यांचीं प्रवचनें.
942 _cBOOK
999 _c717835
_d717832